000 00367nam a2200133Ia 4500
008 231129s1997||||xx |||||||||||||| ||spa||
040 _bspa
082 _a336.01 C718
100 _aColombia. Ministerio de Hacienda y Credito Publico
245 0 _aEl saneamiento fiscal un compromiso de la sociedad
260 _c1997
264 _aEl Ministerio
942 _2ddc
_cBKS
999 _c12365
_d12365